Television and Video Engineering (Record no. 7397)

MARC details
000 -LEADER
fixed length control field 00305nam a2200133Ia 4500
008 - FIXED-LENGTH DATA ELEMENTS--GENERAL INFORMATION
fixed length control field 191201s2010 xx 000 0 und d
100 ## - MAIN ENTRY--PERSONAL NAME
Personal name DHAKE, A M
245 #0 - TITLE STATEMENT
Title Television and Video Engineering
250 ## - EDITION STATEMENT
Edition statement 25 Rep
260 ## - PUBLICATION, DISTRIBUTION, ETC. (IMPRINT)
Date of publication, distribution, etc 2010
Name of publisher, distributor, etc TMH
Place of publication, distribution, etc N. delhi
300 ## - PHYSICAL DESCRIPTION
Extent 646
650 ## - SUBJECT ADDED ENTRY--TOPICAL TERM
Topical term or geographic name as entry element ECE
942 ## - ADDED ENTRY ELEMENTS (KOHA)
Source of classification or shelving scheme Dewey Decimal Classification
Koha item type Book Bank
Holdings
Withdrawn status Lost status Source of classification or shelving scheme Damaged status Not for loan Collection code Home library Current library Date acquired Source of acquisition Cost, normal purchase price Bill Number Total Checkouts Acc. no. / Barcode Date last seen Bill Date Koha item type
    Dewey Decimal Classification     B.Tech(ECE) PIET C-LIBRARY PIET C-LIBRARY 09/10/2010 The book company 375.00 4660   BB6060 04/12/2019 09/10/2010 Book Bank
    Dewey Decimal Classification     B.Tech(ECE) PIET C-LIBRARY PIET C-LIBRARY 09/10/2010 The book company 375.00 4660   BB6061 04/12/2019 09/10/2010 Book Bank
    Dewey Decimal Classification     B.Tech(ECE) PIET C-LIBRARY PIET C-LIBRARY 09/10/2010 The book company 375.00 4660   BB6062 04/12/2019 09/10/2010 Book Bank
    Dewey Decimal Classification     B.Tech(ECE) PIET C-LIBRARY PIET C-LIBRARY 09/10/2010 The book company 375.00 4660   BB6063 04/12/2019 09/10/2010 Book Bank
    Dewey Decimal Classification     B.Tech(ECE) PIET C-LIBRARY PIET C-LIBRARY 09/10/2010 The book company 375.00 4660   BB6064 04/12/2019 09/10/2010 Book Bank
    Dewey Decimal Classification     B.Tech(ECE) PIET C-LIBRARY PIET C-LIBRARY 09/10/2010 The book company 375.00 4660   BB6065 04/12/2019 09/10/2010 Book Bank

Design & Developed by: PIET Central Library
R70 Miles Stone Pattikalyana Samalkha Panipat 132102
mail ID :- [email protected], Phone No:- 0180-2569700 Ex.216